[Event "FRA-ch U12 Girls"]
[Site "Le Grand Bornand"]
[Date "2007.04.??"]
[Round "8"]
[White "Ticchioni, Elvire"]
[Black "Nicolas, Gabrielle"]
[Result "0-1"]
[WhiteElo "1580"]
[BlackElo "1090"]
[PlyCount "76"]
[EventDate "2007.04.07"]
[EventType "swiss"]
[EventRounds "9"]
[EventCountry "FRA"]
[SourceTitle "CBM 118 Extra"]
[Source "ChessBase"]
[SourceDate "2007.07.04"]
[SourceVersion "1"]
[SourceVersionDate "2007.07.04"]
[SourceQuality "1"]

1. Nf3 Nc6 2. d4 Nf6 3. c4 e6 4. g3 Bb4+ 5. Bd2 b6 6. Bg2 Bb7 7. 0-0 0-0 8. Ne5 d5 9. Nxc6 Bxc6 10. Bxb4 Re8 11. Nc3 e5 12. Qc2 exd4 13. Nd1 h6 14. Qd2 a5 15. Ba3 b5 16. cxd5 Bxd5 17. Bxd5 Qxd5 18. b3 Ne4 19. Qf4 Rac8 20. b4 axb4 21. Bxb4 c5 22. Ba5 Re5 23. Nb2 Rf5 24. Qc1 Re8 25. Nd3 Rc8 26. Bb6 c4 27. Nf4 Qd6 28. Ba5 d3 29. Qb1 Re5 30. Qb4 Qd7 31. Rad1 d2 32. f3 c3 33. fxe4 Rxe4 34. Qxe4 Qa7+ 35. Bb6 Qxb6+ 36. Kg2 Qc6 37. Rxd2 Qxe4+ 38. Rf3 cxd2 0-1